Begin and End the Same Quiz Stats

 Plays Quiz Updated Nov 9, 2014

Challenge
Share
Tweet
Score 0/20 Timer 04:00
2 Plays Today
% Correct
eagle
98.9%
diamond
98.2%
mushroom
97%
toilet
97%
bathtub
96%
Australia
95.8%
gong
95.2%
Nixon
93.3%
hopscotch
93.1%
wheelbarrow
91.9%
% Correct
reindeer
88.4%
Xerox
86.9%
fluff
86%
lapel
81.6%
Israeli
80.7%
stegosaurus
77.2%
knapsack
77.2%
parsnip
74.7%
Cadillac
68.6%
Othello
61.4%

You're not logged in!

Compare scores with friends on all Sporcle quizzes.
OR
Log In

You Might Also Like...

Show Comments

Extras

Top Quizzes Today


Score Distribution

Your Account Isn't Verified!

In order to create a playlist on Sporcle, you need to verify the email address you used during registration. Go to your Sporcle Settings to finish the process.

Report this User

Report this user for behavior that violates our Community Guidelines.

Details: